Indianapolis Colts Season Records - Statistics

General Stats
  • This quiz has been taken 20 times
    3 since last reset
  • The average score is 12 of 73
Answer Stats
Year Answer % Correct
2025 Losing
100%
2024 Losing
100%
2022 Losing
100%
2019 Losing
100%
2023 Winning
100%
2021 Winning
100%
2020 Winning
100%
2017 Losing
67%
2018 Winning
67%
2011 Losing
33%
2016 Tied
33%
2015 Tied
33%
2014 Winning
33%
2013 Winning
33%
2012 Winning
33%
2010 Winning
33%
2009 Winning
33%
2008 Winning
33%
2007 Winning
33%
2001 Losing
0%
1998 Losing
0%
1997 Losing
0%
1993 Losing
0%
1991 Losing
0%
1990 Losing
0%
1986 Losing
0%
1985 Losing
0%
1984 Losing
0%
1983 Losing
0%
1982 Losing
0%
1981 Losing
0%
1980 Losing
0%
1979 Losing
0%
1978 Losing
0%
1974 Losing
0%
1973 Losing
0%
1972 Losing
0%
1956 Losing
0%
1955 Losing
0%
1954 Losing
0%
1953 Losing
0%
1994 Tied
0%
1989 Tied
0%
1962 Tied
0%
1960 Tied
0%
2006 Winning
0%
2005 Winning
0%
2004 Winning
0%
2003 Winning
0%
2002 Winning
0%
2000 Winning
0%
1999 Winning
0%
1996 Winning
0%
1995 Winning
0%
1992 Winning
0%
1988 Winning
0%
1987 Winning
0%
1977 Winning
0%
1976 Winning
0%
1975 Winning
0%
1971 Winning
0%
1970 Winning
0%
1969 Winning
0%
1968 Winning
0%
1967 Winning
0%
1966 Winning
0%
1965 Winning
0%
1964 Winning
0%
1963 Winning
0%
1961 Winning
0%
1959 Winning
0%
1958 Winning
0%
1957 Winning
0%
No matching quizzes found
Score Distribution
Percent of People with Each Score
Percentile by Number Answered
Your Score History
You have not taken this quiz since the last reset